• 首页
  • 本馆介绍
  • 公告通知
  • 最新文献
  • 馆藏检索
  • 电子资源
  • 读者导购
  • 参考咨询
  • 我的图书馆
  • 登录
  • 详细信息显示
  • 放入我的书架
  • 预约/预借图书
  • 作者相关作品
  • 分类相关作品
  • 丛书相关作品
  • 出版社相关作品

书目信息

  • 表格格式
  • 工作单格式
  • 卡片格式
题名:
硫酸生产异常情况原因与处理
    
 
作者: 刘少武 , 高庆华 , 邱红侠 著
分册:  
出版信息: 北京   化学工业出版社  2008
页数: 249页
开本: 24cm
丛书名:
单 册:
中图分类: TQ111.16
科图分类:
主题词: 硫酸生产
电子资源:
ISBN: 978-7-122-02629-3
000 00925nam0 2200241 45
005 20100303145456.20
010    @a978-7-122-02629-3@dCNY48.00
100    @a20100120d2008 em y0chiy0110 ea
101 0  @achi
102    @aCN@b110000
105    @ay z 000yy
106    @ar
200 1  @a硫酸生产异常情况原因与处理@ALiu Suan Sheng Chan Yi Chang Qing Kuang Yuan Yin Yu Chu Li@f刘少武,高庆华,邱红侠著@FLiu Shao Wu, Gao Qing Hua, Qiu Hong Xia Zhu
210    @a北京@c化学工业出版社@d2008
215    @a249页@d24cm
330    @a本书共八章,内容包括:硫酸生产工艺流程与设备名称、原料预处理工段、焙烧工段、净化工段、转化工段、干吸工段、系统不正常情况的检修、硫酸生产人身安全事故的处理。
606 0  @a硫酸生产
690    @aTQ111.16@v4
701  0 @a刘少武@ALiu Shao Wu@4著
701  0 @a高庆华@AGao Qing Hua@4著
701  0 @a邱红侠@AQiu Hong Xia@4著
801  0 @aCN@bTANGWEI@c20100303
905    @b0584229-33@dTQ111.16@e19@f5
    
    硫酸生产异常情况原因与处理/刘少武,高庆华,邱红侠著.-北京:化学工业出版社,2008
    249页;24cm
    
    
    ISBN 978-7-122-02629-3:CNY48.00
    本书共八章,内容包括:硫酸生产工艺流程与设备名称、原料预处理工段、焙烧工段、净化工段、转化工段、干吸工段、系统不正常情况的检修、硫酸生产人身安全事故的处理。
●
相关链接 在E读中查询图书 在五车中查询图书 在当当中查询图书 在豆瓣中查询图书


正题名:硫酸生产异常情况原因与处理     索取号:TQ111.16/19         预约/预借

序号 登录号 条形码 馆藏地/架位号 状态 备注
1 0584229   205842294   第二样本阅览室/ [索取号:TQ111.16/19] 在馆    
2 0584230   205842301   密集书库-化学系/ [索取号:TQ111.16/19] 在馆    
3 0584231   205842310   第三借阅区/ [索取号:TQ111.16/19] 在馆    
4 0584232   205842329   第三借阅区/ [索取号:TQ111.16/19] 在馆    
5 0584233   205842338   第三借阅区/ [索取号:TQ111.16/19] 在馆    
唐山师范学院图书馆 欢迎您!
大连网信软件有限公司© 版权所有